| 000 | 00928nam a2200253 a 4500 | ||
|---|---|---|---|
| 001 | BRL_1148 | ||
| 005 | 20190320211046.0 | ||
| 008 | 151113s1968----gw-a######---#000-0#ger-# | ||
| 041 | _ager | ||
| 044 | _agw | ||
| 050 | 4 |
_aPM4068 _b.P74 1968 |
|
| 100 | 1 |
_aPreuss, Konrad Theodor _d1869-1938 _925937 |
|
| 245 | 1 | 0 |
_aNahua - Texte aus San Pedro Jícora in Durango _cAufgezeichnet von Konrad Theodor Preuss. Aus dem Nachlass u¨bersetzt und herausgegeben von Elsa Ziehm. Mit einem Geleitwort von Gerdt Kutscher. |
| 260 |
_aBerlin _bGebr. Mann _c1968 |
||
| 300 |
_av. _bil. _c30 cm. |
||
| 440 | 0 |
_aQuellenwerke zur alten Geschichte Amerikas aufgezeichnet in den Sprachen der Eingeborenen _vBd. 9 _925938 |
|
| 500 | _av.9 Au1306 | ||
| 500 | _aTexto en: nahuatl y alemán. | ||
| 505 | 0 | _aContenido: t.1 Mythen und Sagen | |
| 650 | 1 | 4 |
_aLiterautra nahuatl _925939 |
| 700 | 1 |
_aZiehm, Elsa _925940 |
|
| 902 | _aGRL | ||
| 942 |
_2lcc _cB |
||
| 999 |
_c9960 _d9960 |
||